000 00587nam a2200193Ia 4500
003 GCL
008 140319s9999 xx 000 0 ara d
040 _aGCL /
_cGCL
082 0 4 _a812.008
_bا م
100 1 _aاديب اللجمنى
245 1 0 _aالمعرفة: مجلة ثقافية شهرية /
_cاديب اللجمنى
300 _a300 ص
490 _aالهيئة العامة للاستعلامات
_v0
650 0 4 _aالادب العربى
650 0 4 _aالمسرحية العربية
650 0 4 _aالمسرحيات
650 0 4 _aالدوريات
942 _2ddc
_cBK
999 _c51092
_d51092